000 00631nam a2200241Ia 4500
003 OSt
005 20220923211710.0
006 a|||||r|||| 00| 0
007 ta
008 Pun
024 _a43,096
037 _cTextual
040 _aARTS
_cARTS
_bPun
041 _2Pun
_aPun
082 _aO153,3M81x, J5
100 _aਸਿੰਘ, ਮੋਹਣ
245 0 _aਪਰਾਂਦੀ
260 _c1955
650 _a ਪੰਜਾਬੀ ਕਹਾਣੀ
650 _aਪੰਜਾਾਬੀ ਸਾਹਿਤ
_9156350
942 _hO153,3M81x, J5
_cTEXL
_2CC
999 _c302706
_d302706